Complete dental review, (Record no. 39050)

MARC details
000 -LEADER
fixed length control field 00849cam a22002411 4500
001 - CONTROL NUMBER
control field med48001577
003 - CONTROL NUMBER IDENTIFIER
control field DLC
005 - DATE AND TIME OF LATEST TRANSACTION
control field 20260227111611.0
008 - FIXED-LENGTH DATA ELEMENTS--GENERAL INFORMATION
fixed length control field 790120s1948 nyub b 001 0 eng c
010 ## - LIBRARY OF CONGRESS CONTROL NUMBER
LC control number med48001577
035 ## - SYSTEM CONTROL NUMBER
System control number (OCoLC)4568063
040 ## - CATALOGING SOURCE
Original cataloging agency U.S. Army Medical Libr.
Transcribing agency InU-D
Modifying agency InU-D
-- DLC
042 ## - AUTHENTICATION CODE
Authentication code premarc
050 00 - LIBRARY OF CONGRESS CALL NUMBER
Classification number RK57
Item number .G3
060 ## - NATIONAL LIBRARY OF MEDICINE CALL NUMBER
Classification number WU 18.8 G162c 1948
082 ## - DEWEY DECIMAL CLASSIFICATION NUMBER
Classification number 617.0076
100 1# - MAIN ENTRY--PERSONAL NAME
Personal name Gallagher, Walter Neal,
Dates associated with a name 1911-
245 10 - TITLE STATEMENT
Title Complete dental review,
Remainder of title a general review for the practicing dentist and dental student preparing for examination.
260 ## - PUBLICATION, DISTRIBUTION, ETC.
Place of publication, distribution, etc. Brooklyn,
Name of publisher, distributor, etc. Dental Items of Interest Pub. Co.,
Place of publication, distribution, etc. Great Britain,
Name of publisher, distributor, etc. Henry Kimpton's Medical Publishing House,
Date of publication, distribution, etc. 1948.
300 ## - PHYSICAL DESCRIPTION
Extent xii, 431 p.
Dimensions 25 cm.
504 ## - BIBLIOGRAPHY, ETC. NOTE
Bibliography, etc. note "References" : p. 391-395.
650 #0 - SUBJECT ADDED ENTRY--TOPICAL TERM
Topical term or geographic name entry element Dentistry
General subdivision Examinations, questions, etc.

No items available.

Powered by Koha